书目信息 |
| 题名: |
石油大棋局
|
|
| 作者: | 恩道尔 著 ;戴健 译 | |
| 分册: | ||
| 出版信息: | 北京 中国民主法制出版社 2011.8 |
|
| 页数: | 250页 | |
| 开本: | 26cm | |
| 丛书名: | ||
| 单 册: | ||
| 中图分类: | F407.22 | |
| 科图分类: | ||
| 主题词: | 石油政治--研究--世界 , 石油政治 | |
| 电子资源: | ||
| ISBN: | 978-7-80219-908-8 | |
| 000 | 01152nam0 2200265 45 | |
| 001 | 512 | |
| 005 | 20120531161039.21 | |
| 010 | @a978-7-80219-908-8@dCNY39.00 | |
| 100 | @a20120328d2011 em y0chiy0110 ea | |
| 101 | 1 | @achi@ceng |
| 102 | @aCN@b110000 | |
| 105 | @ay z 000yy | |
| 106 | @ar | |
| 200 | 1 | @a石油大棋局@AShi You Da Qi Ju@e下一个目标中国@EXia Yi Ge Mu Biao Zhong Guo@f(美) 恩道尔著@F( Mei ) En Dao Er Zhu@g戴健等译 |
| 210 | @a北京@c中国民主法制出版社@d2011.8 | |
| 215 | @a250页@d26cm | |
| 330 | @a本书是继恩道尔的畅销书《石油战争:石油政治决定世界新秩序》之后,以更新的观点、更有力的剖析反映石油影响世界政治格局的又一力作。书中基于对世界石油战争格局的深入分析,提出许多具有预见性和洞察力的真知灼见,一方面揭穿石油枯竭论阴谋,另一方面又从科学角度分析得出能源能够自给自足的答案。分析角度新颖而有吸引力,叙述客观而具有说服力量,语言简洁流畅。 | |
| 517 | 1 | @a下一个目标中国@AXia Yi Ge Mu Biao Zhong Guo |
| 606 | 0 | @a石油政治@x研究@y世界 |
| 606 | 0 | @a石油政治 |
| 690 | @aF407.22@v4 | |
| 701 | 0 | @c(美)@a恩道尔@AEn Dao Er@4著 |
| 702 | 0 | @a戴健@ADai Jian@4译 |
| 801 | 0 | @aCN@bTSTCL@c20120328 |
| 905 | @b0813573-79@dF407.22@e207@f7 | |
| 石油大棋局:下一个目标中国/(美) 恩道尔著/戴健等译.-北京:中国民主法制出版社,2011.8 |
| 250页;26cm |
| ISBN 978-7-80219-908-8:CNY39.00 |
| 本书是继恩道尔的畅销书《石油战争:石油政治决定世界新秩序》之后,以更新的观点、更有力的剖析反映石油影响世界政治格局的又一力作。书中基于对世界石油战争格局的深入分析,提出许多具有预见性和洞察力的真知灼见,一方面揭穿石油枯竭论阴谋,另一方面又从科学角度分析得出能源能够自给自足的答案。分析角度新颖而有吸引力,叙述客观而具有说服力量,语言简洁流畅。 |
| ● |
| 相关链接 |
|
|
|
|
正题名:石油大棋局
索取号:F407.22/207
 
预约/预借
| 序号 | 登录号 | 条形码 | 馆藏地/架位号 | 状态 | 备注 |
| 1 | 0813573 | 208135739 | 第一样本阅览室/ [索取号:F407.22/207] | 在馆 | |
| 2 | 0813574 | 208135748 | 第一借阅区/ [索取号:F407.22/207] | 在馆 | |
| 3 | 0813575 | 208135757 | 第一借阅区/ [索取号:F407.22/207] | 在馆 | |
| 4 | 0813576 | 208135766 | 第一借阅区/ [索取号:F407.22/207] | 在馆 | |
| 5 | 0813577 | 208135775 | 第一借阅区/ [索取号:F407.22/207] | 在馆 | |
| 6 | 0813578 | 208135784 | 第一借阅区/ [索取号:F407.22/207] | 在馆 | |
| 7 | 0813579 | 208135793 | 第一借阅区/ [索取号:F407.22/207] | 在馆 |